00790 a2200157 45000010006000000050017000060080041000230030015000640400040000790800079001192450052001982640034002503000023002845050291003071000034005982251220260407155516.0260407a1980 arg spa dAR-UNSa-BCEJYS aAR-UNSa-BCEJYSbspacAR-UNSa-BCEJYS a336.226.3xImpuestos por el uso de los ingresos. Impuestos al consumo. IVA10aImpuesto selectivo al consumopimpuesto interno 1aBuenos Aires :bDepalmac1980 axv, 334 p.c23 cm. a1. Fundamentos e hostoria de la imposición selectiva al consumo - 2. Objetos gravados por el impuesto selectivo - 3. Exenciones - 4. Sujeto pasivo del impuesto - 5. Hecho imponible - 6. Base Imponible - 7. Liquidación - 8. Infracciones y sanciones en materia de impuestos internos.1 aGurfinkel de Wendy, Lilian N.